000 00609cam a2200217 4500500
005 20260329001258.0
041 _afre
042 _adc
100 1 0 _aGagey, Athénaïs
_eauthor
245 0 0 _aRéconciliez-vous avec le quotidien
260 _c2023.
500 _a38
690 _aChangement
690 _aEfficacité
690 _aOrganisation
690 _aTravail
690 _aVie de bureau
690 _aVie pro / vie perso
786 0 _nPhilonomist | - | 8 | 2023-08-23 | p. 16-23
856 4 1 _uhttps://shs.cairn.info/magazine-philonomist-2023-8-page-16?lang=fr&redirect-ssocas=7080
999 _c1803828
_d1803828